000 nam a22 7a 4500
999 _c7415
_d7415
008 170829b xxu||||| |||| 00| 0 eng d
100 _93944
_aNair.G.etal.
245 _aEnvironmental Studies-1
260 _aNew Delhi
_bGoyal
_c2015